00826nam a2200241 i 4500001001000000003000900010005001700019007000300036008004100039040003000080041000800110082001800118100004600136245011900182250002200301264004700323300002800370336002700398337003300425338002800458500007200486504002600558000021455DO-SdBNP20251009114236.0ta100908s1985 dr 000 0 spa d aDO-SdBNPbspacBNPHUerda aspa axxxbE98a2221 aEyzaguirre Moyano, Carlos A.eautor4aut.13aEl análisis de los estados financieros y su importancia en la toma de decisiones /cCarlos A. Eyzaguirre Moyano. aPrimera edición 1aSanto Domingo :bEditorial CENAPEC,c1985. a169 páginas ;c27 cm. atextobtxt2rdacontent asin mediaciónbn2rdamedia avolumenbnc2rdacarrier aIncluye datos biográficos del autor en la solapa de la cubierta.  aBibliografía p: 169